000 00556nam a2200193 a 4500
001 22707
003 CO-ViMGA
008 141112s2004 ck r 000 u spa d
020 _a9580462658
040 _aCO-ViMGA
_bspa
_cCO-ViMGA
082 0 4 _aMACHt
100 1 _aMachado Ana Maria
_915936
245 1 0 _aDel tamaño justo
260 _aColombia :
_bNorma
300 _a88 Pag
505 _aUna niña de tu tamaño, Correas y parientes, El descanso, El monstruo de las cinco piernas
650 1 4 _aCUENTOS INFANTILES BRASILEÑOS
_92375
942 _2ddc
_cBK
999 _c31005
_d31005